Gospel Stories for Pleasure Reading (Record no. 5580)
[ view plain ]
| 000 -LEADER | |
|---|---|
| fixed length control field | 00525nam a22001697a 4500 |
| 003 - CONTROL NUMBER IDENTIFIER | |
| control field | OSt |
| 005 - DATE AND TIME OF LATEST TRANSACTION | |
| control field | 20190107194356.0 |
| 008 - FIXED-LENGTH DATA ELEMENTS--GENERAL INFORMATION | |
| fixed length control field | 190107b ||||| |||| 00| 0 eng d |
| 040 ## - CATALOGING SOURCE | |
| Transcribing agency | DLC |
| 082 ## - DEWEY DECIMAL CLASSIFICATION NUMBER | |
| Classification number | 220.9 |
| Item number | D662b |
| 100 ## - MAIN ENTRY--PERSONAL NAME | |
| Personal name | Dolch, Edward W., Marguerite P. Dolch, and Beulah F. Jackson/ |
| 245 ## - TITLE STATEMENT | |
| Title | Gospel Stories for Pleasure Reading |
| Statement of responsibility, etc. | illustrated by John Slocum and Yolande Cuypers-Fransen. |
| 260 ## - PUBLICATION, DISTRIBUTION, ETC. | |
| Place of publication, distribution, etc. | champaign, Illinois |
| Name of publisher, distributor, etc. | the Garrad Press |
| Date of publication, distribution, etc. | c1950 |
| 300 ## - PHYSICAL DESCRIPTION | |
| Extent | 133 p.; |
| Dimensions | 20cm |
| 650 ## - SUBJECT ADDED ENTRY--TOPICAL TERM | |
| Source of heading or term | gospel |
| 942 ## - ADDED ENTRY ELEMENTS (KOHA) | |
| Source of classification or shelving scheme | Dewey Decimal Classification |
| Koha item type | Books |
| Withdrawn status | Lost status | Source of classification or shelving scheme | Damaged status | Not for loan | Collection code | Home library | Current library | Shelving location | Date acquired | Cost, normal purchase price | Total Checkouts | Full call number | Barcode | Date last seen | Price effective from | Koha item type |
|---|---|---|---|---|---|---|---|---|---|---|---|---|---|---|---|---|
| Dewey Decimal Classification | Non-fiction | Harvest Mission College | Harvest Mission College | General Stacks | 07.01.2019 | 120.00 | 220.9 D662b | 006389 | 07.01.2019 | 07.01.2019 | Books |
